|
|
|
|
| LEADER |
02205nam a2200565 i 4500 |
| 001 |
nkc20233505535 |
| 003 |
CZ PrNK |
| 005 |
20230518123903.0 |
| 007 |
ta |
| 008 |
230320s2022 xr a b 6 000 1dcze |
| 015 |
|
|
|a cnb003505535
|
| 020 |
|
|
|a 978-80-88393-00-9
|q (skládanka)
|
| 035 |
|
|
|a (OCoLC)1375349724
|
| 040 |
|
|
|a ABA001
|b cze
|e rda
|
| 043 |
|
|
|a e-xr---
|b e-xr-li
|2 czenas
|
| 045 |
|
|
|a t-y-
|
| 072 |
|
7 |
|a 929
|x Biografie
|2 Konspekt
|9 8
|
| 072 |
|
7 |
|a 0/9-053.2
|x Literatura pro děti a mládež (naučná)
|2 Konspekt
|9 26
|
| 080 |
|
|
|a 929-058.1-027.541
|2 MRF
|
| 080 |
|
|
|a (437.316)
|2 MRF
|
| 080 |
|
|
|a (03/09)741.52
|2 MRF
|
| 080 |
|
|
|a (0.053.2)
|2 MRF
|
| 100 |
1 |
|
|a Braunová, Petra,
|d 1967-
|7 xx0013872
|4 aut
|4 ill
|
| 245 |
1 |
0 |
|a Liberec =
|b Reichenberg.
|p Nezapomenutelné osobnosti /
|c pro Krajskou vědeckou knihovnu v Liberci vytvořila Petra Braunová a Barbora Brůnová
|
| 246 |
3 |
0 |
|a Nezapomenutelné osobnosti
|
| 246 |
3 |
1 |
|a Reichenberg
|
| 264 |
|
1 |
|a [Liberec] :
|b [Krajská vědecká knihovna v Liberci],
|c [2022]
|
| 264 |
|
3 |
|b Vytiskla Tiskárna Irbis
|
| 300 |
|
|
|a 10 nečíslovaných stran :
|b barevné ilustrace ;
|c 20 cm
|
| 336 |
|
|
|a text
|b txt
|2 rdacontent
|
| 336 |
|
|
|a statický obraz
|b sti
|2 rdacontent
|
| 337 |
|
|
|a bez média
|b n
|2 rdamedia
|
| 338 |
|
|
|a svazek
|b nc
|2 rdacarrier
|
| 648 |
|
7 |
|a 16.-21. století
|7 ch757033
|2 czenas
|
| 650 |
0 |
7 |
|a osobnosti regionu
|7 ph406516
|z Česko
|y 16.-21. století
|2 czenas
|
| 650 |
0 |
9 |
|a regional celebrities
|z Czechia
|y 16th-21st centuries
|2 eczenas
|
| 651 |
|
7 |
|a Liberec (Česko)
|7 ge128509
|2 czenas
|
| 651 |
|
9 |
|a Liberec (Czechia)
|2 eczenas
|
| 655 |
|
7 |
|a naučné komiksy
|7 fd1058479
|2 czenas
|
| 655 |
|
7 |
|a publikace pro děti
|7 fd133156
|2 czenas
|
| 655 |
|
9 |
|a nonfiction comics
|2 eczenas
|
| 655 |
|
9 |
|a children's literature
|2 eczenas
|
| 700 |
1 |
|
|a Brůnová, Barbora,
|d 1983-
|7 jx20111018002
|4 aut
|4 ill
|
| 710 |
2 |
|
|a Krajská vědecká knihovna (Liberec, Česko)
|7 kn20020610005
|4 isb
|
| 910 |
2 |
|
|a BOA001
|b 1-1508.201
|
| 928 |
9 |
|
|a Krajská vědecká knihovna v Liberci
|
| 990 |
|
|
|a BK
|
| 995 |
|
|
|a 01
|
| 991 |
|
|
|b 202305
|c NOV
|
| 996 |
6 |
|
|b 2610937964
|c 1-1508.201
|l MZK
|r Sklad / do 1 hodiny
|n 0
|p p.v.
|w 001924615
|u 000010
|a 1
|e BOA001
|j MZK50
|s P
|